|
|
|
|
| LEADER |
00000nab a2200000 ar4500 |
| 001 |
vtls008701726 |
| 003 |
SK-MaSNL |
| 005 |
20260304213651.0 |
| 008 |
060518c2006 xo wr|p|||||||000 b|slo |
| 015 |
|
|
|a SNBRB2006/05
|2 snkbucl
|
| 038 |
|
|
|a SNKBUCL
|
| 040 |
|
|
|a SNKBUCL
|b slo
|c SNKBUCL
|e AACR2
|
| 041 |
0 |
|
|a slo
|
| 044 |
|
|
|a xo
|c SK
|
| 080 |
|
|
|a 621.311.25:504.61
|x (477)
|2 2001
|
| 080 |
|
|
|a 621.039
|2 2001
|
| 080 |
|
|
|a 504.61:621.311.25
|x (477)
|2 2001
|
| 245 |
0 |
0 |
|a Zabijak Černobyľ
|c [autor] (rv)
|
| 300 |
|
|
|b Fotogr.
|
| 610 |
2 |
7 |
|a Jadrová elektráreň (Černobyľ, Ukrajina)
|2 snkbucl
|9 86458
|
| 650 |
0 |
7 |
|a jadrové elektrárne
|2 snkbucl
|9 15295
|
| 650 |
0 |
7 |
|a ekologické havárie
|2 snkbucl
|9 4315
|
| 650 |
0 |
7 |
|a technické havárie
|2 snkbucl
|9 67652
|
| 651 |
|
7 |
|a Černobyľ (Ukrajina)
|2 snkbucl
|9 51785
|
| 773 |
0 |
|
|t Live
|g Roč. III., č. 17 (2006), s. 36-37
|x 1336-4650
|
| 852 |
|
|
|a SNK
|b KIS3GCP
|
| 958 |
|
|
|a UA
|
| 999 |
|
|
|c 3136992
|d 3138922
|